Normal view
MARC view
Entry Topical Term
001 - CONTROL NUMBER
- control field: 43326
003 - CONTROL NUMBER IDENTIFIER
- control field: MaObMVR
005 - DATE AND TIME OF LATEST TRANSACTION
- control field: 20241210101043.0
008 - FIXED-LENGTH DATA ELEMENTS
- fixed length control field: 241210|| aca||aabn | a|a d
040 ## - CATALOGING SOURCE
- Original cataloging agency: MaObMVR
- Transcribing agency: MaObMVR
150 ## - HEADING--TOPICAL TERM
- Topical term or geographic name as entry element: Rehabilitation
- Form subdivision: Juvenile fiction
670 ## - SOURCE DATA FOUND
- Source citation: Work cat.: (MaObMVR)129024: Glasgow, Kathleen, 1969- 41005, The glass girl /, [2024]
